| 000 | 01237nam0a22002891 4500 | ||
|---|---|---|---|
| 001 | rc\758862 | ||
| 005 | 20250622122413.0 | ||
| 035 | _a(NLR Aleph) 006286753 | ||
| 090 |
_a7106998 _c7106998 |
||
| 100 | _a20040301d1985 |||y0rusy50 ca | ||
| 101 | 0 | _arus | |
| 102 | _aRU | ||
| 105 | _ay ||||||||| | ||
| 200 | 1 |
_aПрограммный инструментарий Software Tools с расширенным набором символов _eОбщ. характеристика _fС.В. Клименко, Ю.Г. Павлов, А.П. Соколов |
|
| 210 |
_aСерпухов _cИФВЭ _d1985 |
||
| 215 |
_a22 с. _d21 |
||
| 225 | 1 |
_aПрепринт _fГос. ком. по использ. атом. энергии СССР, Ин-т физики высоких энергий _vИФВЭ ОМВТ 85-94 |
|
| 320 | _aБиблиогр.: с. 12-13 | ||
| 700 | 1 |
_aКлименко _bС.В. _gСтанислав Владимирович |
|
| 701 | 1 |
_aПавлов _bЮ.Г. |
|
| 701 | 1 |
_aСоколов _bА. П. _cпрограммист _gАлександр Павлович _9254777 _3RU\NLR\AUTH\770254833 |
|
| 801 | 0 |
_aRU _bNLR _gpsbo |
|
| 801 | 1 |
_aRU _bELAR _2rusmarc |
|
| 852 |
_aNLR _j85-6/5929 |
||
| 942 | _cBOOK | ||
| 980 | _aNB | ||